[Event "M.Chigorin Memorial -2016 "]
[Site "Ð¡Ð°Ð½ÐºÑ‚-ÐŸÐµÑ‚ÐµÑ€Ð±ÑƒÑ€Ð³"]
[Date "2016.10.15"]
[Round "1.164"]
[White "Petrov, Maksim"]
[Black "Anchutin, Nikita"]
[Result "0-1"]
[WhiteElo "1367"]
[BlackElo "2198"]
[PlyCount "140"]
[EventDate "2016.10.15"]

1. e4 c5 2. Nc3 a6 3. Nge2 e6 4. g3 Nc6 5. Bg2 g6 6. O-O Bg7 7. d3 d6 8. Be3
Nd4 9. f4 Ne7 10. h3 O-O 11. g4 f5 12. exf5 gxf5 13. Qd2 Rb8 14. Ng3 Ng6 15.
Nh5 Bh8 16. Rae1 Bd7 17. Kh2 Bc6 18. Bxd4 cxd4 19. Nb1 Qd7 20. Qf2 e5 21. Qe2
Rbe8 22. Bxc6 Qxc6 23. Qg2 exf4 24. Rxe8 Qxe8 25. Qd5+ Qf7 26. Qxf7+ Rxf7 27.
Nd2 fxg4 28. hxg4 Rc7 29. Ne4 Rxc2+ 30. Rf2 Rxf2+ 31. Nxf2 d5 32. Kg2 Be5 33.
Nh3 h6 34. Kf3 Nh4+ 35. Kf2 Ng6 36. Kf3 Bd6 37. Nf6+ Kf7 38. Nxd5 Ne5+ 39. Ke4
Nxg4 40. Ndxf4 Bc5 41. Ne2 Kg6 42. Nxd4 Nf6+ 43. Ke5 Bxd4+ 44. Kxd4 Kf5 45. Ke3
Nd5+ 46. Kd4 Nf6 47. Ke3 h5 48. Kf3 h4 49. Nf2 Nh7 50. d4 Ng5+ 51. Ke3 h3 52.
d5 h2 53. d6 Ke6 54. Nh1 Kxd6 55. Kf4 Ne6+ 56. Kg3 Nc5 57. Nf2 Nd3 58. Nh1 Nxb2
59. Kxh2 Kc5 60. Nf2 Kb4 61. Ne4 b5 62. Kg3 Ka3 63. Nc5 a5 64. Nb3 Nc4 65. Nd4
b4 66. Kf2 Kxa2 67. Ke2 b3 68. Nb5 b2 69. Nc3+ Kb3 70. Kd3 a4 0-1

[Event "M.Chigorin Memorial -2016 "]
[Site "Ð¡Ð°Ð½ÐºÑ‚-ÐŸÐµÑ‚ÐµÑ€Ð±ÑƒÑ€Ð³"]
[Date "2016.10.15"]
[Round "1.165"]
[White "Reshetnikov, Ruslan"]
[Black "Lantseva, Aleksandra"]
[Result "1-0"]
[WhiteElo "2196"]
[BlackElo "1359"]
[PlyCount "77"]
[EventDate "2016.10.15"]

1. d4 d5 2. c4 e6 3. Nc3 Nf6 4. cxd5 exd5 5. Bg5 Be7 6. Qc2 O-O 7. e3 b6 8. Nf3
Bb7 9. Be2 c5 10. dxc5 bxc5 11. O-O Nc6 12. Rfd1 d4 13. exd4 cxd4 14. Nb5 Rc8
15. Qa4 Bc5 16. Nbxd4 Nxd4 17. Nxd4 Qd5 18. Nf3 Qf5 19. Qf4 Bxf2+ 20. Kxf2 Qc5+
21. Rd4 Ne4+ 22. Kf1 h6 23. Bxh6 gxh6 24. Rxe4 Bxe4 25. Qxe4 Qc6 26. Qxc6 Rxc6
27. b3 Rd8 28. Bc4 Rcd6 29. Ke2 Re8+ 30. Kf2 Kg7 31. Rf1 f6 32. a4 Re7 33. Rc1
a5 34. Bb5 f5 35. Rc5 f4 36. Bc4 Re3 37. Rxa5 Rb6 38. Rd5 Kf6 39. a5 1-0

[Event "M.Chigorin Memorial -2016 "]
[Site "Ð¡Ð°Ð½ÐºÑ‚-ÐŸÐµÑ‚ÐµÑ€Ð±ÑƒÑ€Ð³"]
[Date "2016.10.15"]
[Round "1.166"]
[White "Kudin, Alexander"]
[Black "Yeritsyan, Hayk"]
[Result "0-1"]
[WhiteElo "1313"]
[BlackElo "2191"]
[PlyCount "96"]
[EventDate "2016.10.15"]

1. e4 c5 2. c3 e6 3. d4 d5 4. exd5 exd5 5. Nf3 Nf6 6. Bb5+ Nc6 7. O-O Be7 8.
Ne5 Qb6 9. Bxc6+ bxc6 10. Re1 Be6 11. Qb3 Rc8 12. Be3 O-O 13. Nd2 cxd4 14. cxd4
c5 15. Qxb6 axb6 16. Rac1 Bd6 17. Ndf3 Ne4 18. Nd3 c4 19. Nf4 b5 20. Nxe6 fxe6
21. Ng5 Nxg5 22. Bxg5 Kf7 23. Re3 h6 24. Rf3+ Kg6 25. Rxf8 Rxf8 26. Be3 b4 27.
h3 Bf4 28. Re1 Bd6 29. Bd2 Kf5 30. g4+ Kf6 31. Kg2 Ra8 32. Ra1 e5 33. Be3 exd4
34. Bxd4+ Be5 35. Bxe5+ Kxe5 36. Kf3 d4 37. h4 Kd5 38. Ke2 d3+ 39. Kf3 Kd4 40.
Kg3 c3 41. bxc3+ bxc3 42. f4 c2 43. Rc1 Kc3 44. g5 d2 45. Rxc2+ Kxc2 46. gxh6
d1=Q 47. hxg7 Ra3+ 48. Kg2 Qg4+ 0-1

[Event "M.Chigorin Memorial -2016 "]
[Site "Ð¡Ð°Ð½ÐºÑ‚-ÐŸÐµÑ‚ÐµÑ€Ð±ÑƒÑ€Ð³"]
[Date "2016.10.15"]
[Round "1.168"]
[White "Burdin, Daniil"]
[Black "Semenenko, Sergey"]
[Result "0-1"]
[WhiteElo "1243"]
[BlackElo "2184"]
[PlyCount "50"]
[EventDate "2016.10.15"]

1. e4 c5 2. Nf3 d6 3. Bc4 e6 4. d4 cxd4 5. Nxd4 Nf6 6. Nc3 a6 7. a4 Qc7 8. Bb3
Be7 9. O-O O-O 10. f4 Nc6 11. Nxc6 bxc6 12. a5 d5 13. Re1 Bb4 14. exd5 cxd5 15.
Bd2 Bb7 16. Ne2 Bc5+ 17. Kh1 Ne4 18. Rf1 Nf2+ 19. Rxf2 Bxf2 20. Rc1 d4 21. Bb4
Rfd8 22. Qd3 Be3 23. Rf1 Qc6 24. Rf3 Qxf3 25. gxf3 Bxf3# 0-1

[Event "M.Chigorin Memorial -2016 "]
[Site "Ð¡Ð°Ð½ÐºÑ‚-ÐŸÐµÑ‚ÐµÑ€Ð±ÑƒÑ€Ð³"]
[Date "2016.10.15"]
[Round "1.169"]
[White "Zlatin, Alexander"]
[Black "Maltsevskaya, Anna"]
[Result "1-0"]
[WhiteElo "2182"]
[BlackElo "1243"]
[PlyCount "69"]
[EventDate "2016.10.15"]

1. e4 e5 2. Nf3 Nc6 3. Bc4 Nf6 4. d3 Bc5 5. c3 d6 6. Nbd2 Bg4 7. h3 Bh5 8. Nf1
h6 9. Ng3 Bg6 10. O-O Qd7 11. a4 O-O 12. b4 d5 13. exd5 Bxf2+ 14. Rxf2 Nxd5 15.
b5 Nce7 16. Nxe5 Qd6 17. Nxg6 Qxg6 18. Ne4 f5 19. Ba3 Rae8 20. Bxe7 Rxe7 21.
Bxd5+ Kh8 22. Nc5 Qd6 23. Ne6 Rf6 24. Nf4 c6 25. bxc6 bxc6 26. Bc4 Qe5 27. Re2
Qxf4 28. Rxe7 Rg6 29. Qe2 Kh7 30. Re8 Rg5 31. Bg8+ Kh8 32. Bf7+ Kh7 33. Rh8+
Kxh8 34. Qe8+ Kh7 35. Qg8# 1-0

[Event "M.Chigorin Memorial -2016 "]
[Site "Ð¡Ð°Ð½ÐºÑ‚-ÐŸÐµÑ‚ÐµÑ€Ð±ÑƒÑ€Ð³"]
[Date "2016.10.15"]
[Round "1.170"]
[White "Kirianova, Evgeniia"]
[Black "Janiashvili, Irakli"]
[Result "0-1"]
[WhiteElo "1219"]
[BlackElo "2171"]
[PlyCount "60"]
[EventDate "2016.10.15"]

1. c4 Nf6 2. Nc3 c5 3. g3 Nc6 4. Bg2 g6 5. Nf3 Bg7 6. O-O O-O 7. d3 d5 8. Nd2
e6 9. Qc2 b6 10. b3 Bb7 11. Bb2 Qd7 12. Rad1 a6 13. f4 d4 14. Nce4 Ng4 15. Rf3
f5 16. Ng5 h6 17. Nh3 Ne3 18. Rxe3 dxe3 19. Bxg7 Qxg7 20. Nf1 Nd4 21. Qb2 Nf3+
22. Bxf3 Qxb2 23. Bxb7 Qxe2 24. Rc1 Rad8 25. Kh1 Qb2 26. Rd1 e2 27. Rd2 exf1=Q+
28. Ng1 Qxd2 29. a3 Qdf2 30. Bg2 Q1xg2# 0-1

[Event "M.Chigorin Memorial -2016 "]
[Site "Ð¡Ð°Ð½ÐºÑ‚-ÐŸÐµÑ‚ÐµÑ€Ð±ÑƒÑ€Ð³"]
[Date "2016.10.15"]
[Round "1.171"]
[White "Rozycki, Bartlomiej"]
[Black "Kurbanov, Sergey"]
[Result "1-0"]
[WhiteElo "2170"]
[BlackElo "1198"]
[PlyCount "69"]
[EventDate "2016.10.15"]

1. Nf3 Nf6 2. g3 c5 3. Bg2 Nc6 4. O-O e6 5. d3 Rb8 6. e4 d6 7. Re1 Be7 8. c3 e5
9. Nbd2 Be6 10. Nf1 O-O 11. Ne3 b5 12. Ng5 Bd7 13. f4 Qb6 14. Kh1 h6 15. Nf3
Ng4 16. Nxg4 Bxg4 17. h3 Be6 18. f5 Bd7 19. g4 f6 20. Nh4 Be8 21. Ng6 Bxg6 22.
fxg6 a5 23. Be3 Qa6 24. Qd2 Rb7 25. Rf1 Bd8 26. h4 Ne7 27. h5 Nc6 28. Bh3 Re7
29. Bxh6 gxh6 30. Qxh6 Rg7 31. g5 b4 32. Be6+ Rff7 33. gxf7+ Kf8 34. Qh8+ Ke7
35. Qe8# 1-0

[Event "M.Chigorin Memorial -2016 "]
[Site "Ð¡Ð°Ð½ÐºÑ‚-ÐŸÐµÑ‚ÐµÑ€Ð±ÑƒÑ€Ð³"]
[Date "2016.10.15"]
[Round "1.179"]
[White "Pasiev, Rakhim"]
[Black "Khadzhiev, Valery"]
[Result "1-0"]
[WhiteElo "2406"]
[BlackElo "2170"]
[PlyCount "53"]
[EventDate "2016.10.15"]

1. e4 e6 2. d4 d5 3. Nc3 Bb4 4. e5 c5 5. Qg4 Kf8 6. dxc5 Bxc5 7. Nf3 h5 8. Qf4
a6 9. Bd3 Qc7 10. Bd2 Nc6 11. O-O Nb4 12. Rac1 h4 13. Na4 a5 14. Nxc5 Qxc5 15.
a3 Nc6 16. b4 axb4 17. axb4 Qb6 18. b5 Nd8 19. Ra1 Rxa1 20. Rxa1 Qc7 21. Ra8
Ne7 22. Bb4 Rh6 23. b6 Qd7 24. Bxe7+ Kxe7 25. Qb4+ Ke8 26. Bb5 Nc6 27. Bxc6 1-0

[Event "M.Chigorin Memorial -2016 "]
[Site "Ð¡Ð°Ð½ÐºÑ‚-ÐŸÐµÑ‚ÐµÑ€Ð±ÑƒÑ€Ð³"]
[Date "2016.10.15"]
[Round "1.180"]
[White "Zaykov, Sergey"]
[Black "Apryshko, Gleb"]
[Result "1/2-1/2"]
[WhiteElo "2131"]
[BlackElo "2392"]
[PlyCount "146"]
[EventDate "2016.10.15"]

1. Nf3 g6 2. c4 Bg7 3. Nc3 Nf6 4. e4 O-O 5. d4 d6 6. Be2 Bg4 7. Be3 Nc6 8. d5
Nb8 9. O-O Nfd7 10. h3 Bxf3 11. Bxf3 c6 12. Qd2 a5 13. Bd1 Na6 14. f4 Nac5 15.
Bf3 a4 16. Rac1 Qb6 17. Rfd1 Rfd8 18. Rc2 Qa6 19. Ne2 Rac8 20. Bf2 Qb6 21. Nd4
Re8 22. Kh1 Qa6 23. Qe3 h5 24. b4 axb3 25. axb3 cxd5 26. exd5 Qa3 27. Rb1 Na6
28. g4 hxg4 29. hxg4 Qc5 30. Qd2 Qb4 31. Qe2 Nac5 32. Nb5 Nxb3 33. Be1 Qa4 34.
Ra2 Qxc4 35. Qxc4 Rxc4 36. Rxb3 Rxf4 37. Bd2 Rc4 38. Rb4 Rec8 39. Na7 R8c7 40.
Nb5 Rxb4 41. Nxc7 Rc4 42. Nb5 Rc5 43. Na3 Ne5 44. Be2 Rxd5 45. Kg2 Nc6 46. Nb5
Bf6 47. Be3 Bg5 48. Bf2 Nb4 49. Ra3 Rd2 50. Kf3 Nc6 51. Bg3 Rb2 52. Bf1 Rxb5
53. Bxb5 Nd4+ 54. Ke4 Nxb5 55. Rb3 Nc7 56. Rxb7 Ne6 57. Ra7 Nc5+ 58. Kd5 e6+
59. Kc6 Ne4 60. Bxd6 Nf2 61. Ra4 Kg7 62. Bg3 Nd1 63. Be5+ Kh6 64. Bd4 Ne3 65.
Bxe3 Bxe3 66. Ra5 Bf4 67. Ra7 f6 68. Rf7 Kg5 69. Rf8 Be5 70. Kd7 Kxg4 71. Kxe6
g5 72. Ra8 Kf3 73. Kf5 Bd4 1/2-1/2

[Event "M.Chigorin Memorial -2016 "]
[Site "Ð¡Ð°Ð½ÐºÑ‚-ÐŸÐµÑ‚ÐµÑ€Ð±ÑƒÑ€Ð³"]
[Date "2016.10.15"]
[Round "1.181"]
[White "Schekachikhin, Maksim"]
[Black "Myshkovskiy, Sviatoslav"]
[Result "1-0"]
[WhiteElo "2347"]
[BlackElo "2093"]
[PlyCount "77"]
[EventDate "2016.10.15"]

1. d4 Nf6 2. c4 g6 3. Nc3 d5 4. Nf3 Bg7 5. e3 c5 6. dxc5 Qa5 7. cxd5 Ne4 8. Bd2
Nxc3 9. Bxc3 Bxc3+ 10. bxc3 Qxc5 11. Qd4 Qxd4 12. Nxd4 O-O 13. Be2 Rd8 14. e4
Nd7 15. c4 Nc5 16. f3 Bd7 17. Kf2 Rac8 18. Ke3 Rc7 19. f4 Rdc8 20. Rac1 Na4 21.
Nb3 b6 22. e5 Rd8 23. g4 Bc8 24. Nd4 Bd7 25. h4 Rdc8 26. Nb3 b5 27. cxb5 Nc3
28. Bf3 Nxa2 29. Rxc7 Rxc7 30. Nd4 Rc3+ 31. Kf2 Rc5 32. Ra1 Nc3 33. Rxa7 Bxb5
34. Nb3 Rxd5 35. Bxd5 Nxd5 36. Nd4 Be8 37. Ra8 Kf8 38. f5 Nf4 39. Nb5 1-0

[Event "M.Chigorin Memorial -2016 "]
[Site "Ð¡Ð°Ð½ÐºÑ‚-ÐŸÐµÑ‚ÐµÑ€Ð±ÑƒÑ€Ð³"]
[Date "2016.10.15"]
[Round "1.182"]
[White "Atlas, Eduard"]
[Black "Palchun, Grigory"]
[Result "0-1"]
[WhiteElo "2072"]
[BlackElo "2336"]
[PlyCount "98"]
[EventDate "2016.10.15"]

1. e4 c5 2. c3 d5 3. exd5 Qxd5 4. d4 Nf6 5. Nf3 Bg4 6. Be2 e6 7. h3 Bh5 8. O-O
Be7 9. Be3 cxd4 10. Nxd4 Bxe2 11. Qxe2 a6 12. c4 Qe5 13. Qf3 Qc7 14. Nc3 Nbd7
15. Ne4 O-O 16. b3 Nxe4 17. Qxe4 Nc5 18. Qc2 Bf6 19. Rad1 Rfd8 20. Nf3 g6 21.
b4 Nd7 22. Bd4 e5 23. Bb2 e4 24. Bxf6 Nxf6 25. Nd2 Rd4 26. Rc1 Rc8 27. Qb2 Qd8
28. Rc2 Nh5 29. Re1 f5 30. c5 Nf4 31. Qb3+ Kf8 32. Nc4 Qg5 33. Qg3 Qxg3 34.
fxg3 Nd5 35. a3 Rc7 36. Kf2 Ke7 37. Ne3 Ke6 38. Nxd5 Kxd5 39. Rec1 Kc6 40. Rc3
Rcd7 41. Ke3 Rd2 42. Kf4 Rf2+ 43. Ke5 Rxg2 44. a4 Rb2 45. g4 Rd5+ 46. Kf4 Rxb4
47. gxf5 Rxf5+ 48. Kg4 Rxa4 49. Rd1 Rxc5 0-1

[Event "M.Chigorin Memorial -2016 "]
[Site "Ð¡Ð°Ð½ÐºÑ‚-ÐŸÐµÑ‚ÐµÑ€Ð±ÑƒÑ€Ð³"]
[Date "2016.10.15"]
[Round "1.183"]
[White "Sichinava, Zviad"]
[Black "Matchenya, Ivan"]
[Result "1-0"]
[WhiteElo "2305"]
[BlackElo "1812"]
[PlyCount "97"]
[EventDate "2016.10.15"]

1. d4 Nc6 2. Bg5 h6 3. Bh4 g5 4. Bg3 Bg7 5. e3 d6 6. h4 g4 7. h5 e5 8. Bh4 Bf6
9. Bxf6 Qxf6 10. d5 Nce7 11. Nc3 Qg7 12. Nb5 Kd8 13. c4 a6 14. Nc3 f5 15. c5
Ke8 16. Qa4+ Bd7 17. Qb4 a5 18. Qxb7 Rd8 19. Qxc7 dxc5 20. Nb5 Nxd5 21. Nd6+
Ke7 22. Nxf5+ Kf6 23. Qd6+ Kxf5 24. Bd3+ Kg5 25. Qxd5 Qe7 26. Rc1 Bf5 27. f4+
gxf3 28. Nxf3+ Kf6 29. Qc6+ Rd6 30. Qxc5 Rxd3 31. Qb6+ Rd6 32. Qxa5 Qe6 33. O-O
Ra6 34. Qb4 Qe7 35. Qc4 Qa7 36. Nh4 Ne7 37. Qd3 Kg7 38. Nxf5+ Nxf5 39. Qxf5 Re8
40. Rc4 Qxe3+ 41. Kh1 Qa7 42. Rc8 Qe7 43. Qg4+ Kh8 44. Rfc1 Rc6 45. R1xc6 Qf8
46. Qe6 Qf1+ 47. Kh2 Qf4+ 48. Kh3 Qe3+ 49. g3 1-0

[Event "M.Chigorin Memorial -2016 "]
[Site "Ð¡Ð°Ð½ÐºÑ‚-ÐŸÐµÑ‚ÐµÑ€Ð±ÑƒÑ€Ð³"]
[Date "2016.10.15"]
[Round "1.184"]
[White "Fokin, Anatoly"]
[Black "Melnikov, Dmitry"]
[Result "1-0"]
[WhiteElo "1802"]
[BlackElo "2254"]
[PlyCount "81"]
[EventDate "2016.10.15"]

1. d4 f5 2. c4 Nf6 3. Nc3 d6 4. Nf3 g6 5. Bf4 Bg7 6. e3 O-O 7. Bd3 Qe8 8. h3
Nh5 9. Bh2 e5 10. dxe5 dxe5 11. Be2 Nc6 12. Nd5 Qd8 13. O-O Be6 14. Qc2 e4 15.
Nxc7 exf3 16. Nxe6 fxe2 17. Nxd8 exf1=Q+ 18. Kxf1 Raxd8 19. c5 Kh8 20. Bd6 Rf7
21. Rc1 Rfd7 22. a3 Nf6 23. b4 a6 24. Qb3 Ne4 25. Rd1 h6 26. Qe6 Kh7 27. g4 Ng5
28. Qd5 Ne7 29. Qb3 Nxh3 30. gxf5 Nxf5 31. e4 Nxd6 32. Qxh3 Be5 33. Qe6 Bf4 34.
cxd6 Rxd6 35. Rxd6 Bxd6 36. e5 Bf8 37. Qf7+ Bg7 38. e6 Rf8 39. Qxb7 Kg8 40. e7
Re8 41. Qd5+ 1-0

[Event "M.Chigorin Memorial -2016 "]
[Site "Ð¡Ð°Ð½ÐºÑ‚-ÐŸÐµÑ‚ÐµÑ€Ð±ÑƒÑ€Ð³"]
[Date "2016.10.15"]
[Round "1.185"]
[White "Siagodnik, Anton"]
[Black "Glazov, Anatoly"]
[Result "1-0"]
[WhiteElo "2235"]
[BlackElo "1763"]
[PlyCount "77"]
[EventDate "2016.10.15"]

1. d4 Nf6 2. Nf3 d5 3. g3 c6 4. Bg2 Bf5 5. O-O Nbd7 6. c4 Qc7 7. Nc3 dxc4 8.
Nd2 Nb6 9. a4 a5 10. e4 Bg6 11. Qe2 Bh5 12. Nf3 e6 13. Bf4 Qc8 14. Qe3 Ra6 15.
h3 Be7 16. g4 Bg6 17. Ne5 O-O 18. h4 h5 19. g5 Ng4 20. Nxg6 fxg6 21. Qg3 Qd8
22. Rad1 e5 23. dxe5 Qc7 24. Bh3 Bc5 25. Bxg4 hxg4 26. Qxg4 Qf7 27. Be3 Bxe3
28. fxe3 Qe7 29. Rxf8+ Kxf8 30. Ne2 Ra8 31. Nf4 Qe8 32. Ne6+ Kg8 33. Rf1 Qe7
34. h5 gxh5 35. Qxh5 Nd7 36. g6 Nf6 37. Rxf6 gxf6 38. exf6 Qxe6 39. Qh7+ 1-0

[Event "M.Chigorin Memorial -2016 "]
[Site "Ð¡Ð°Ð½ÐºÑ‚-ÐŸÐµÑ‚ÐµÑ€Ð±ÑƒÑ€Ð³"]
[Date "2016.10.15"]
[Round "1.186"]
[White "Kozyakov, Andrey"]
[Black "Shpartko, Grigory"]
[Result "0-1"]
[WhiteElo "1620"]
[BlackElo "2201"]
[PlyCount "94"]
[EventDate "2016.10.15"]

1. e4 c6 2. d4 d5 3. Nc3 dxe4 4. Nxe4 Bf5 5. Ng3 Bg6 6. h4 h6 7. h5 Bh7 8. Nf3
Nd7 9. Bd3 Bxd3 10. Qxd3 e6 11. Bd2 Ngf6 12. O-O-O Qc7 13. Bc3 O-O-O 14. Qe2
Nd5 15. Ne4 N7f6 16. Nxf6 Nxc3 17. bxc3 gxf6 18. Kb2 Qa5 19. Qc4 Rg8 20. g3 Rd5
21. Nd2 Rxh5 22. Rhe1 Qb5+ 23. Qxb5 Rxb5+ 24. Nb3 Rf5 25. Re2 b5 26. Nd2 Kc7
27. Ne4 Be7 28. Rh1 Rg6 29. Kc1 Rf3 30. Kb2 a5 31. Rh5 b4 32. Rxa5 bxc3+ 33.
Kb3 Kb8 34. Rh5 Rg4 35. Kc4 e5 36. dxe5 f5 37. Rxh6 fxe4 38. Kb3 Kb7 39. e6 Rg5
40. a4 Re5 41. exf7 Rxf7 42. f4 Rc5 43. Rxe4 Bf8 44. Rh1 Ka7 45. Rc4 Rb7+ 46.
Kxc3 Bg7+ 47. Kd3 Rd7+ 0-1